000 00363nam a2200145Ia 4500
999 _c9808
_d9808
003 OSt
005 20220303173636.0
008 220112s9999||||xx |||||||||||||| ||und||
020 _a9780750654517
082 _a721
_bMAN
100 _aMainstone, R. J. (Rowland J.), 1923-
245 0 _aDevelopments in structural form
260 _bArchitectural Press
942 _2ddc